Open Data Biblioteca Nacional de Portugal


República Portuguesa: Ministério da Cultura
Biblioteca Nacional de Portugal

Catálogo da BNP: acesso por Identificadores Unívocos
Registos Bibliográficos associados ao registo de autoridade

Etiqueta de registo: 00230nam 2200025 450
001 1793580
003 http://id.bnportugal.gov.pt/bib/catbnp/1793580
100 ## $a20111103d2010 k y0pory0103 ba
101 0# $apor$deng
102 ## $aPT
105 ## $aa m 000yy
106 ## $ar
200 1# $aAvaliação da integridade de estruturas de madeira lamelada colada em serviço$fFlorindo José Mendes Gaspar$gorient. Helena Maria Pires Cruz, Augusto Martins Gomes
210 #9 $aLisboa$c[s.n.],$d2010
215 ## $a2 v.$cil.$d30 cm
215 ## $a1 disco óptico (CD-ROM) em caixa$cil.$d13 x 14 x 1 cm
305 ## $aEd. impressa e em CD-ROM
320 ## $aContém bibliografia
328 #1 $aTese dout. Engenharia Civil, Inst. Sup. Téc. da Univ. Téc. de Lisboa, 2010
675 ## $a674.011(043)$vBN$zpor$31505625
675 ## $a674.81.032(043)$vBN$zpor$31505626
675 ## $a674.81.01(043)$vBN$zpor$31505627
700 #1 $aGaspar,$bFlorindo José Mendes$31306006
702 #1 $aCruz,$bHelena Pires$4727$3122029
702 #1 $aGomes,$bAugusto Martins$4727$381862
801 #0 $aPT$bBN$gRPC
966 ## $lBN$mDEM$sS.A. 53031 P.$x1
966 ## $b001$d1º v.$lBN$mFGMON$sS.A. 145795 V.$x1
966 ## $b001$d2º v.$eAnexos$lBN$mFGMON$sS.A. 145796 V.$x1

Etiqueta de registo: 00230nam 2200025 450
001 1667255
003 http://id.bnportugal.gov.pt/bib/catbnp/1667255
100 ## $a20070928d2006 k y0pory0103 ba
101 0# $apor$deng
102 ## $aPT
105 ## $aa m 001yy
106 ## $ar
200 1# $aEstruturas de madeira lamelada-colada$bTexto policopiado]$eviabilidade da utilização de madeira de pinho bravo tratada com produto preservador$fFlorindo José Mendes Gaspar$gorient. Augusto Martins Gomes, Helena Maria Pires Cruz
210 #9 $aLisboa$c[s.n.],$d2006
215 ## $aXXIII, 194, [23] p.$cil.$d30 cm
320 ## $aBibliografia, p. 179-194
328 #0 $bTese mestr.$cConstrução$eInst. Superior Técnico, Univ. Técnica de Lisboa$d2006
675 ## $a674.81(043)$vBN$zpor$31306630
675 ## $a620.17/.19(043)$vBN$zpor$31306631
675 ## $a674.032(043)$vBN$zpor$31306619
675 ## $a692.1/.4(043)$vBN$zpor$31306632
700 #1 $aGaspar,$bFlorindo José Mendes$31306006
702 #1 $aGomes,$bAugusto Martins$4727$381862
702 #1 $aCruz,$bHelena Pires$4727$3122029
712 02 $aUniversidade Técnica de Lisboa.$bInstituto Superior Técnico$4295$3175770
801 #0 $aPT$bBN$gRPC
966 ## $lBN$mFGMON$sS.A. 117845 V.$x1

Etiqueta de registo: 00000nam 2200025 450
001 2280387
003 http://id.bnportugal.gov.pt/bib/catbnp/2280387
100 ## $a20260316d2025 k y0pory01030103ba
101 0# $aeng$dpor
102 ## $aPT
105 ## $aa m 000yy
106 ## $ar
200 1# $aAdvanced geopolymer cement formulations for extrusion-based 3D printing in construction$fTomás Maria Siqueira de Almeida Archer de Carvalho$gsupervisor Florindo José Mendes Gaspar, Ana Clara Lopes Marques, Artur Jorge dos Santos Mateus
210 #9 $aLisboa$c[s.n.],$d2025
215 ## $aXXVIII, 287 p.$cil.$d30 cm
328 #1 $aTese dout. Materials Engineering, Instituto Superior Técnico, Universidade de Lisboa, 2025
675 ## $a620.2(043)$vBN$zpor$31380894
700 #1 $aCarvalho,$bTomás Maria Siqueira de Almeida Archer de$31425276
702 #1 $aGaspar,$bFlorindo José Mendes$4727$31306006
702 #1 $aMarques,$bAna Clara Lopes$4727$31275481
702 #1 $aMateus,$bArtur Jorge dos Santos$4727$3969946
801 #0 $aPT$bBN$gRPC
966 ## $lBN$mFGMON$sS.A. 193620 V.$x1
971 ## $corlando$d20260316
972 ## $e0$z0$d20260422$vlrevez
973 ## $cigoulao$d20260415

OpendataBNP@bnportugal.pt | Mais informação sobre acesso aos dados BNP